000 00235nam a2200109Ia 4500
100 _aKumbhojkar G.V
942 _cBK
245 _aApplied Mathematics I 2016-2017
260 _bC.Jamnadas & Co.
_c2016
546 _aENGLISH
999 _c31990
_d31990